[Event "PRO League All Stars St1"]
[Site "chess.com INT"]
[Date "2018.09.08"]
[Round "12"]
[White "Smirnov, Anton"]
[Black "Meier, Georg"]
[Result "1-0"]
[WhiteTitle "GM"]
[BlackTitle "GM"]
[WhiteElo "2549"]
[BlackElo "2639"]
[WhiteTeam "Pacific"]
[BlackTeam "Central"]
[WhiteFideId "3208923"]
[BlackFideId "4675789"]
[EventDate "2018.09.08"]

1. e4 e6 2. d4 d5 3. exd5 exd5 4. Nf3 c6 5. Bd3 Bd6 6. O-O Ne7 7. Re1 O-O 8.
Nbd2 Bf5 9. Nf1 Bxd3 10. Qxd3 Re8 11. Bd2 Nd7 12. Ng3 Nf8 13. Re2 Bxg3 14. hxg3
Neg6 15. Rae1 Rxe2 16. Rxe2 Qd7 17. Bb4 Ne6 18. Bd2 Re8 19. Qf5 f6 20. g4 Ngf8
21. Kf1 Qf7 22. g5 fxg5 23. Qxf7+ Kxf7 24. Bxg5 Nd7 25. c3 h5 26. Bd2 Re7 27.
Bc1 g6 28. Bd2 Ng7 29. Ng5+ Ke8 30. Nh3 Rxe2 31. Kxe2 Kf7 32. Ng5+ Kf6 33. Nh3
Ne6 34. f3 Kf5 35. Kd3 Nf6 36. b3 g5 37. Ke2 g4 38. Nf2 Nf4+ 39. Kf1 gxf3 40.
gxf3 Nh7 41. Nh1 h4 42. Be1 Ng6 43. Bd2 Ng5 44. Kf2 Nf4 45. Be3 a6 46. Bd2 b5
47. Be3 a5 48. Bd2 a4 49. Be3 Nge6 50. Kf1 Ng5 51. Kf2 Nfe6 52. Kg2 axb3 53.
axb3 Nf4+ 54. Kf2 Nge6 55. Kf1 Ng6 56. Kf2 Nef4 57. Kf1 Nh3 58. Kg2 Ng5 59. Kf2
Nf4 60. Bd2 Nge6 61. Kf1 b4 62. Kf2 bxc3 63. Bxc3 Ng6 64. Kg2 Ngf4+ 65. Kf2 Ng5
66. Bd2 Nge6 67. Be3 Ng6 68. Kf1 Nef4 69. Nf2 Nf8 70. Ng4 N8e6 71. Kf2 Ng5 72.
Nh6+ Kg6 73. Ng4 Kf5 74. Nh6+ Kg6 75. Ng8 Ngh3+ 76. Kf1 Kf7 77. Nh6+ Kg6 78. Ng4
Kf5 79. Ne5 c5 80. Ng4 c4 81. b4 Ke6 82. Bd2 Kd6 83. Nh6 Kc6 84. Nf5 Kb5 85.
Nxh4 Ne6 86. Nf5 Nhf4 87. Kf2 Nd3+ 88. Ke3 Nxb4 89. Nd6+ Ka4 90. Bxb4 Kxb4 91.
f4 c3 92. f5 Ng5 93. Nb7 c2 94. Kd2 Kb3 95. Nc5+ Kb2 96. Nd3+ Kb1 97. Ke3 Ne4
98. Kf4 c1=Q+ 99. Nxc1 Kxc1 100. Ke5 Kc2 101. Kxd5 Kd3 102. Ke5 Ke3 103. d5 Ng5
104. d6 Nf7+ 105. Ke6 Ng5+ 106. Ke7 1-0

[Event "PRO League All Stars St1"]
[Site "chess.com INT"]
[Date "2018.09.08"]
[Round "12"]
[White "Melkumyan, Hrant"]
[Black "Iturrizaga Bonelli, Eduardo"]
[Result "0-1"]
[WhiteTitle "GM"]
[BlackTitle "GM"]
[WhiteElo "2660"]
[BlackElo "2636"]
[WhiteTeam "Eastern"]
[BlackTeam "Atlantic"]
[WhiteFideId "13302485"]
[BlackFideId "3901211"]
[EventDate "2018.09.08"]

1. d4 Nf6 2. Nf3 b6 3. g3 Bb7 4. Bg2 c5 5. O-O cxd4 6. Qxd4 e6 7. c4 Nc6 8. Qf4
Ne7 9. Nc3 Ng6 10. Qd2 Bb4 11. Qd3 O-O 12. Bd2 Rc8 13. Rac1 a6 14. b3 Ba3 15.
Rcd1 d5 16. cxd5 Nxd5 17. Nxd5 Qxd5 18. Qxd5 Bxd5 19. Bc1 Bb4 20. Nd4 Rfd8 21.
Bb2 h6 22. Rc1 Bxg2 23. Kxg2 Bc5 24. Nf3 Ne7 25. Rc4 Nf5 26. Rfc1 Nd6 27. R4c2
a5 28. a4 Ne4 29. Bd4 Rb8 30. e3 Rd5 31. Rc4 Nd6 32. R4c2 Ne4 33. Bxc5 bxc5 34.
Rb1 Rd3 35. Rcb2 Nc3 36. Ra1 Ne4 37. Rab1 f6 38. Ne1 Rc3 39. Nf3 Kf7 40. Nd2 Nd6
41. Kf1 Rb4 42. Ke2 e5 43. Ra2 Ke6 44. Raa1 g5 45. Rc1 Rxc1 46. Rxc1 Kd5 47. Rd1
Kc6 48. Rc1 h5 49. h3 h4 50. g4 Kd5 51. Kd3 e4+ 52. Kc3 c4 53. Rd1 cxb3 54.
Nxb3+ Ke5 55. Nxa5 Rxa4 56. Nc6+ Ke6 57. Nd4+ Ke7 58. Kb3 Ra6 59. Rd2 Ra1 0-1